Eastern Utah Libraries Catalog: Duchesne, Heber, Roosevelt, & Vernal

Aftermath (Record no. 212654)

MARC details
000 -LEADER
fixed length control field 02309cim a2200493Ii 4500
001 - CONTROL NUMBER
control field ocn918907802
003 - CONTROL NUMBER IDENTIFIER
control field OCoLC
005 - DATE AND TIME OF LATEST TRANSACTION
control field 20220105141849.0
007 - PHYSICAL DESCRIPTION FIXED FIELD--GENERAL INFORMATION
fixed length control field sd fungnnmmneu
008 - FIXED-LENGTH DATA ELEMENTS--GENERAL INFORMATION
fixed length control field 150818s2015 nyunnn f n eng d
020 ## - INTERNATIONAL STANDARD BOOK NUMBER
International Standard Book Number 9780399565212
020 ## - INTERNATIONAL STANDARD BOOK NUMBER
International Standard Book Number 0399565213
028 02 - PUBLISHER NUMBER
Publisher number PRHA 5561
Source Penguin Random House Audio
035 ## - SYSTEM CONTROL NUMBER
System control number (OCoLC)918907802
Canceled/invalid control number (OCoLC)910858595
-- (OCoLC)927427655
-- (OCoLC)929809698
037 ## - SOURCE OF ACQUISITION
Source of stock number/acquisition Midwest Tape
Note http://www.midwesttapes.com
040 ## - CATALOGING SOURCE
Original cataloging agency TEFMT
Language of cataloging eng
Description conventions rda
Transcribing agency TEFMT
Modifying agency OCLCO
-- TEF
-- BTCTA
-- OCLCO
-- OCLCF
-- OCLCO
-- ILC
-- RECBX
-- DEERP
-- IEP
-- OCLCO
-- GO3
-- OCLCO
082 ## - DEWEY DECIMAL CLASSIFICATION NUMBER
Classification number CDB
092 ## - LOCALLY ASSIGNED DEWEY CALL NUMBER (OCLC)
Classification number CDB
100 1# - MAIN ENTRY--PERSONAL NAME
Personal name Wendig, Chuck,
Relator term author.
9 (RLIN) 5690115
245 10 - TITLE STATEMENT
Title Aftermath
Medium [sound recording] /
Statement of responsibility, etc Chuck Wendig.
246 30 - VARYING FORM OF TITLE
Title proper/short title Star Wars
250 ## - EDITION STATEMENT
Edition statement Unabridged.
264 #1 - Production, Publication, Distribution, Manufacture, and Copyright Notice.
Place of production, publication, distribution, manufacture [New York] :
Name of producer, publisher, distributor, manufacturer Penguin Random House Audio,
Date of production, publication, distribution, manufacture, or copyr [2015]
264 #2 - Production, Publication, Distribution, Manufacture, and Copyright Notice.
Place of production, publication, distribution, manufacture Prince Frederick, MD :
-- Distributed by Recorded Books,
300 ## - PHYSICAL DESCRIPTION
Extent 11 audio discs (12 hrs., 30 min.) :
Other physical details CD audio, digital ;
Dimensions 4 3/4 in.
306 ## - PLAYING TIME
Playing time 123000.
336 ## - Content Type
Content type term spoken word
337 ## - Media type
Media type term audio
338 ## - Carrier type
Carrier type term audio disc
490 1# - SERIES STATEMENT
Series statement Aftermath trilogy ;
Volume number/sequential designation book 1.
500 ## - GENERAL NOTE
General note Compact discs.
511 0# - PARTICIPANT OR PERFORMER NOTE
Participant or performer note Read by Marc Thompson.
520 ## - SUMMARY, ETC.
Summary, etc As the Empire reels from its critical defeats at the Battle of Endor, the Rebel Alliance, now a fledgling New Republic, presses its advantage by hunting down the enemy's scattered forces before they can regroup and retaliate. But above the remote planet Akiva, an ominous show of the enemy's strength is unfolding. Out on a lone reconnaissance mission, pilot Wedge Antilles watches Imperial Star Destroyers gather like birds of prey circling for a kill, but he₂s taken captive before he can report back to the New Republic leaders.
650 #0 - SUBJECT ADDED ENTRY--TOPICAL TERM
Topical term or geographic name as entry element Government, Resistance to
Form subdivision Fiction.
9 (RLIN) 5685533
650 #0 - SUBJECT ADDED ENTRY--TOPICAL TERM
Topical term or geographic name as entry element Space warfare
Form subdivision Fiction.
9 (RLIN) 5691772
650 #0 - SUBJECT ADDED ENTRY--TOPICAL TERM
Topical term or geographic name as entry element Prisoners of war
Form subdivision Fiction.
9 (RLIN) 5723572
650 #0 - SUBJECT ADDED ENTRY--TOPICAL TERM
Topical term or geographic name as entry element Life on other planets
Form subdivision Fiction.
9 (RLIN) 5674261
650 #0 - SUBJECT ADDED ENTRY--TOPICAL TERM
Topical term or geographic name as entry element Star Wars fiction.
655 #7 - INDEX TERM--GENRE/FORM
Genre/form data or focus term Science fiction.
Source of term lcgft.
655 #7 - INDEX TERM--GENRE/FORM
Genre/form data or focus term Audiobooks.
Source of term lcgft.
700 1# - ADDED ENTRY--PERSONAL NAME
Personal name Thompson, Marc,
Relator term narrator.
9 (RLIN) 73310
800 1# - SERIES ADDED ENTRY--PERSONAL NAME
Personal name Wendig, Chuck.
Title of a work Aftermath trilogy ;
Volume/sequential designation bk. 1.
9 (RLIN) 6412294
942 ## - ADDED ENTRY ELEMENTS (KOHA)
Source of classification or shelving scheme Dewey Decimal Classification
Koha item type Audiobook on CD
Holdings
Withdrawn status Lost status Source of classification or shelving scheme Materials specified (bound volume or other part) Damaged status Not for loan Collection code Home library Current library Shelving location Date acquired Source of acquisition Cost, normal purchase price Total Checkouts Total Renewals Full call number Barcode Date last seen Date checked out Cost, replacement price Price effective from Koha item type
    Dewey Decimal Classification .CIRCNOTE. 11 discs     Audiobooks Wasatch County Library Wasatch County Library Second Floor 01/22/2016   45.00 22 5 CD Wen 34301001459140 04/23/2024 04/12/2024 45.00 03/20/2020 Audiobook on CD
This project was made possible through a grant from the Institute of Museum and Library Service administered by the Utah State Library Division.

Wasatch County Library

  • 465 East 1200 South, Heber City, Utah 84032
  • Phone 435-654-1511 | Fax 435-654-6456

Hours

  • Monday - Friday 9:30 AM - 8:00 PM
  • Saturday 9:30 AM - 1:30 PM
  • Closed Sundays and Holidays